00431nam a2200157Ia 45000010006000000050017000060080041000230410008000640820015000721000031000872450096001182600009002143000034002236500008002576540008002651868820260306171649.0260306s9999||||xx |||||||||||||| ||und|| aESP a658.5bA23 aAdam, Everett E., Jr.eAUT 0aAdministración de la producción y las operaciones:bConceptos, modelos y funcionamiento c1991 axvii, 739 páginas :c25 cm. aGEN aCAN